Rèn luyện năng lực dự đoán và suy diễn khi giải quyết vấn đề cho học sinh phổ thông trong dạy học toán /
Đã lưu trong:
| Príomhúdar: | |
|---|---|
| Formáid: | Bài viết |
| Teanga: | Vietnamese |
| Ábhair: | |
| Clibeanna: |
Cuir Clib Leis
Gan Chlibeanna, Bí ar an gcéad duine leis an taifead seo a chlibeáil!
|
| Thư viện lưu trữ: | Thư viện Trường Đại học Đà Lạt |
|---|
| LEADER | 00869nam a2200277 4500 | ||
|---|---|---|---|
| 001 | DLU150168740 | ||
| 005 | ##20150410 | ||
| 040 | # | # | |a DLU |b vie |
| 041 | # | # | |a vie |
| 044 | # | # | |a vn |
| 100 | # | # | |a Phan Anh Tài, |c ThS. |
| 245 | # | # | |a Rèn luyện năng lực dự đoán và suy diễn khi giải quyết vấn đề cho học sinh phổ thông trong dạy học toán / |c Phan Anh Tài. |
| 653 | # | # | |a Dạy học toán |
| 653 | # | # | |a Dự đoán |
| 653 | # | # | |a Học sinh phổ thông |
| 653 | # | # | |a Năng lực |
| 773 | # | # | |t Tạp chí Giáo Dục |g Số 322(2), 11/ 2013, tr.43-44 |
| 920 | # | # | |a Phòng Tạp chí -- Trung tâm Thông tin - Thư viện Trường Đại học Đà Lạt |
| 994 | # | # | |a DLU |
| 900 | # | # | |a True |
| 911 | # | # | |a Trần Thị Minh Hương |
| 925 | # | # | |a G |
| 926 | # | # | |a A |
| 927 | # | # | |a BB |
| 980 | # | # | |a Thư viện Trường Đại học Đà Lạt |